| 000 | 00502nam a22001937a 4500 | ||
|---|---|---|---|
| 999 |
_c170605 _d170605 |
||
| 005 | 20191218124044.0 | ||
| 010 | _a197532 | ||
| 020 | _c4.00 | ||
| 035 | _a197532 | ||
| 037 | _bBPPD/Pub. | ||
| 082 | _a841 | ||
| 100 | _aعزیز وارشی | ||
| 245 |
_aسفنہ و ساحل / _cعزیز وارشی |
||
| 246 |
_aSafnah wa Sahil (Urdu) / _bby aziz warshi |
||
| 260 |
_aDelhi _b- _c1962 ء |
||
| 270 |
_a- _b- _e- |
||
| 300 |
_a192p. _c17cm(Hb) |
||
| 942 |
_2ddc _cUR _h841 _mع ز ی |
||